000 00238nam a2200097Ia 4500
001 705795
005 20250826162437.0
008 250824s9999 xx 000 0 und d
245 0 _aYANGIN MERDİVENİ
_cA.ALİ URAL
260 _bŞULE YAYINLARI
999 _c705795
_d705795